000 00566nam a2200181Ia 4500
008 090123s9999 xx 000 0 und d
082 _b38361
100 _aतांबे बालाजी
245 _aफॅमिली डॉक्टर
250 _a2
260 _bसकाळ पेपर्स लि.
_c2005
300 _a185
600 _aतांबे बालाजी
630 _aफॅमिली डॉक्टर
700 _aतांबे बालाजी
730 _aफॅमिली डॉक्टर
942 _cBOOK
999 _c76426
_d76426